000 00738nam a2200229Ia 4500
005 20140311163132.0
008 140130s9999 xx 000 0 und d
020 _a9780590454193
050 _aE 450
_b.H315 1993
100 _aHaskins, Jim.
_929088
245 _cJim Haskins.
_aGet on board :
_bthe story of the underground railroad /
260 _bScholastic Inc,
_cc1993.
_aUSA :
300 _a152 p. :
_bill. ;
_c23 cm.
440 _v1
_931174
521 _aG12
526 _c1180
650 _aUnderground Railroad
_xJuvenile literature.
_931215
650 _aFugitive slaves
_xUnited States
_xHistory
_x19th century
_xJuvenile literature.
_931216
650 _aUnderground Railroad.
_922835
942 _cBK
_2lcc
999 _c41437
_d41437